Abc-Quiz - Statistiken

Allgemein
  • Dieses Quiz wurde 1.295 mal gespielt
  • Das Durchschnittsergebnis liegt bei 7 aus 35
Antwortstatistiken
Antwort % Korrekt
A
100%
B
98%
C
96%
A
21%
B
19%
C
17%
A
16%
B
16%
C
16%
A
15%
B
15%
C
15%
A
14%
B
13%
C
13%
A
12%
B
12%
C
12%
A
11%
A
11%
B
11%
B
11%
C
11%
A
10%
C
10%
B
9%
C
9%
Abc
8%
Ab
7%
A
6%
C
6%
A
5%
Bc
5%
B
4%
Cabc
1%
Keine übereinstimmenden Quizze gefunden
Verteilung der Resultate
Anzahl Personen mit jedem Resultat
Perzentil nach korrekt beantworteten Fragen
Ihre Resultats-Entwicklung
Sie haben dieses Quiz noch nicht gespielt